| 000 | 00617nam a2200229Ia 4500 | ||
|---|---|---|---|
| 005 | 20250508170155.0 | ||
| 008 | 008 250505s9999 xx 000 0 eng d | ||
| 020 | _a978-938-826-4488 | ||
| 037 | _aReference | ||
| 040 |
_aFEDL _beng _cFEDL |
||
| 041 |
_aeng _2eng |
||
| 084 |
_a001.42, FOR/RR _qFEDL |
||
| 100 |
_aForster Colin _9312632 |
||
| 245 | 0 | _aAction research for student teachers | |
| 250 | _a2 | ||
| 260 |
_aLondon, UK _bSage _c2021 |
||
| 300 | _a192p. | ||
| 365 |
_aGBP _b23.99 |
||
| 700 |
_a Eperjest Rachel _9783315 |
||
| 942 |
_cREF _h001.42, FOR/RR |
||
| 999 |
_c1399626 _d1399626 |
||